Normal view MARC view

Entry Personal Name

Number of records used in: 3

001 - CONTROL NUMBER

  • control field: 9278

003 - CONTROL NUMBER IDENTIFIER

  • control field: DLC

005 - DATE AND TIME OF LATEST TRANSACTION

  • control field: 20221108143918.0

008 - FIXED-LENGTH DATA ELEMENTS

  • fixed length control field: 150203n| azannaabn |a aaa c

010 ## - LIBRARY OF CONGRESS CONTROL NUMBER

  • LC control number: no2015014480

035 ## - SYSTEM CONTROL NUMBER

  • System control number: (OCoLC)oca10076661

040 ## - CATALOGING SOURCE

  • Original cataloging agency: SaPrUSA
  • Language of cataloging: eng
  • Description conventions: rda
  • Transcribing agency: SaPrUSA
  • Modifying agency: PSt

100 1# - HEADING--PERSONAL NAME

  • Personal name: Sharma, Sanjay Kumar
  • Titles and other words associated with a name: (Assistant professor of botany)

370 ## - ASSOCIATED PLACE

  • Other associated place: Bīkāner (India)
  • Other associated place: Dharmsāla (India)
  • Source of term: naf

372 ## - FIELD OF ACTIVITY

  • Field of activity: Botany
  • Field of activity: Horticultural crops
  • Field of activity: Agricultural biotechnology
  • Field of activity: Cytology
  • Source of term: lcsh

373 ## - ASSOCIATED GROUP

  • Associated group: Maharaja Ganga Singh University
  • Associated group: Govt. Post Graduate College Dharamshala

374 ## - OCCUPATION

  • Occupation: College teacher

374 ## - OCCUPATION

  • Occupation: Botanists
  • Source of term: lcsh

375 ## - GENDER

  • Gender: male

377 ## - ASSOCIATED LANGUAGE

  • Language code: eng

400 1# - SEE FROM TRACING--PERSONAL NAME

  • Personal name: Sharma, Sanjay
  • Titles and other words associated with a name: (Assistant professor of botany)

670 ## - SOURCE DATA FOUND

  • Source citation: Horticultural biotechnology, 2013:
  • Information found: title page (Sanjay Sharma) page 4 of cover (Sanjay Kumar Sharma, Ph.D. in Botany from M.G.S. University Bikaner; he is Assistant professor in the Department of Botany in Government P.G. College Dharmshala (H.P.))

670 ## - SOURCE DATA FOUND

  • Source citation: OCLC, Feb. 3, 2015
  • Information found: (hdgs.: Sharma, Sanjay Kumar (Assistant professor of botany); usage: Sanjay Kumar Sharma, Sanjay Sharma)

Powered by Koha